<?xml version="1.0" encoding="UTF-8"?>
<record
    xmlns:xsi="http://www.w3.org/2001/XMLSchema-instance"
    xsi:schemaLocation="http://www.loc.gov/MARC21/slim http://www.loc.gov/standards/marcxml/schema/MARC21slim.xsd"
    xmlns="http://www.loc.gov/MARC21/slim">

  <leader>00676nam a22002057a 4500</leader>
  <controlfield tag="003">OSt</controlfield>
  <controlfield tag="005">20250403091114.0</controlfield>
  <controlfield tag="008">250403t2002    |||a|||| |||| 001 | eng d</controlfield>
  <datafield tag="020" ind1=" " ind2=" ">
    <subfield code="a">0-07-138383-2</subfield>
  </datafield>
  <datafield tag="040" ind1=" " ind2=" ">
    <subfield code="c">JMCFI - Learning Resource Center</subfield>
  </datafield>
  <datafield tag="082" ind1=" " ind2=" ">
    <subfield code="a">MAHL/GI. 613.2'5 G536 2002</subfield>
  </datafield>
  <datafield tag="100" ind1=" " ind2=" ">
    <subfield code="a">Gittleman , Ann Louise</subfield>
    <subfield code="9">15000</subfield>
  </datafield>
  <datafield tag="245" ind1=" " ind2=" ">
    <subfield code="a">The fat flush plan /</subfield>
    <subfield code="c">Anne Louise Gittleman.</subfield>
  </datafield>
  <datafield tag="260" ind1=" " ind2=" ">
    <subfield code="a">New York :</subfield>
    <subfield code="b">McGraw-Hill Companies,</subfield>
    <subfield code="c">2002.</subfield>
  </datafield>
  <datafield tag="300" ind1=" " ind2=" ">
    <subfield code="a">xvi , 261 pages:</subfield>
    <subfield code="b">black and white, illus. ;</subfield>
    <subfield code="c">22 cm</subfield>
  </datafield>
  <datafield tag="504" ind1=" " ind2=" ">
    <subfield code="a">Includes bibliographical references and index.</subfield>
  </datafield>
  <datafield tag="650" ind1=" " ind2=" ">
    <subfield code="a">Weight loss</subfield>
    <subfield code="9">6151</subfield>
  </datafield>
  <datafield tag="650" ind1=" " ind2=" ">
    <subfield code="a">Reducing diets</subfield>
    <subfield code="x">recipes.</subfield>
    <subfield code="9">6447</subfield>
  </datafield>
  <datafield tag="942" ind1=" " ind2=" ">
    <subfield code="2">ddc</subfield>
    <subfield code="c">BK</subfield>
    <subfield code="n">0</subfield>
  </datafield>
  <datafield tag="999" ind1=" " ind2=" ">
    <subfield code="c">7654</subfield>
    <subfield code="d">7654</subfield>
  </datafield>
  <datafield tag="952" ind1=" " ind2=" ">
    <subfield code="0">0</subfield>
    <subfield code="1">0</subfield>
    <subfield code="2">ddc</subfield>
    <subfield code="4">0</subfield>
    <subfield code="7">0</subfield>
    <subfield code="a">MED</subfield>
    <subfield code="b">MED</subfield>
    <subfield code="c">MAHL/G.I.</subfield>
    <subfield code="d">2019-11-14</subfield>
    <subfield code="l">0</subfield>
    <subfield code="o">MAHL/GI. 613.2'5 G536 2002</subfield>
    <subfield code="p">MAHL00001639</subfield>
    <subfield code="r">2025-04-03</subfield>
    <subfield code="t">1</subfield>
    <subfield code="w">2025-04-03</subfield>
    <subfield code="y">BK</subfield>
  </datafield>
</record>
